000 01037nam a22002537a 4500
005 20170124103036.0
010 _aA-494449
020 _c24.00
035 _aA-494449
037 _bCen Lib/Ret
040 _aDPL
_bHN
082 _a
_bअनिता
100 _aअनिता रश्मि
_965417
245 _aगुलमोहर के नीचे /
_cअनिता रश्मि
246 _aGulmohar ke neeche /
_bby Anita Rashmi
260 _aजयपुर
_bराष्ट्रीय सेल्स एजेन्सीज
_c1990
270 _a9-बी, सहकार नगर 'सी' शिल्प कालोनी, झोटवाड़ा
_bजयपुर
_e302012
300 _a82पृ.
_c17सेमी(सजिल्द )
650 _aहिंदी साहित्य
_x
_z
_965418
650 _aहिंदी उपन्यास
_965419
650 _aHindi literature
_v
_965420
650 _aHindi fiction
_927248
942 _2ddc
_cHN
_h
_mअनिता
999 _c116225
_d116225